Proceso electoral 2004-2005 [en Quintana Roo] : manual para funcionarios de casilla /

Folleto de capacitación para los ciudadanos elegidos para ser funcionarios en las mesas directivas de casilla durante el proceso electoral estatal en Quintana Roo, el día 6 de febrero de 2005. Se ofrece información general sobre el proceso electoral y la participación ciudadana, así como sobre lo qu...

Popoln opis

Shranjeno v:
Bibliografske podrobnosti
Autores corporativos: México, Quintana Roo. Instituto Electoral
Format: Knjiga
Jezik:španščina
Serija:(Proceso Electoral 2005 Quintana Roo)
Teme:
Oznake: Označite
Brez oznak, prvi označite!

MARC

LEADER 00000nam^a2200000^a^4500
001 000183616
005 20250521000000.0
009 20260310102047.993
037 |a Acervo ITESO - Biblioteca 
041 |a ESP 
082 |a 324. 972  |b MEX QR-fun 2005 
110 |a México 
240 1 1 |a [Manual electoral] 
245 1 0 |a Proceso electoral 2004-2005 [en Quintana Roo] :  |b manual para funcionarios de casilla / 
264 |a Chetumal, México :  |b Gobierno del Estado de Quintana Roo, Instituto Electoral,  |c ca 2004 
300 |a 54 p. 
336 |a texto  |b txt  |2 rdacontenido 
337 |a sin mediación  |b n  |2 rdamedio 
338 |a volumen  |b nc  |2 rdasoporte 
440 1 |a (Proceso Electoral 2005 Quintana Roo) 
520 |a Folleto de capacitación para los ciudadanos elegidos para ser funcionarios en las mesas directivas de casilla durante el proceso electoral estatal en Quintana Roo, el día 6 de febrero de 2005. Se ofrece información general sobre el proceso electoral y la participación ciudadana, así como sobre lo que es la jornada electoral, las actividades que se llevan a cabo en una casilla y las responsabilidades concretas de la mesa directiva. 
649 |a XX 
650 |a Educación Cívica -  |z Quintana Roo 
650 |a Educación Cívica -  |z México 
650 |a Educación y Política -  |z Quintana Roo 
650 |a Educación y Política -  |z México 
650 |a Democracia -  |z Quintana Roo 
650 |a Democracia -  |z México 
650 |a Cultura Política -  |z Quintana Roo 
650 |a Cultura Política -  |z México 
650 |a Cultura Política -  |z Quintana Roo 
650 |a Cultura Política -  |z México 
650 |a Elecciones -  |z Quintana Roo -  |x Historia -  |y 2000-2006 
650 |a Elecciones -  |z México -  |x Historia -  |y 2000-2006 
650 |a Proceso Político -  |z Quintana Roo -  |x Historia -  |y 2000-2006 
650 |a Proceso Político -  |z México -  |x Historia -  |y 2000-2006 
650 |a Sistema Político -  |z Quintana Roo -  |x Historia -  |y 2000-2006 
650 |a Sistema Político -  |z México -  |x Historia -  |y 2000-2006 
650 |a Sistema Electoral -  |z Quintana Roo -  |x Historia -  |y 2000-2006 
650 |a Sistema Electoral -  |z México -  |x Historia -  |y 2000-2006 
650 |a Política -  |z Quintana Roo -  |x Historia -  |y 2000-2006 
650 |a Política -  |z México -  |x Historia -  |y 2000-2006 
710 |a Quintana Roo.  |b Instituto Electoral 
910 |a Fondo General 
920 |a Impresos - Libros 
930 |a Colección General 
905 |a 101 
901 |a 0500123964  |b IT1  |c ACC  |u 20250521 
902 |a https://opac.biblio.iteso.mx/vufind/Record/000183616